Statistics for Highest Mountain in Each State

Click here to take the quiz!

General Stats

  • This quiz has been taken 10 times
  • The average score is 23 of 50

Answer Stats

StateElevation (ft)Mountain% Correct
Alaska20,310Denali
100%
Washington14,417Mt Rainier
100%
California14,505Mt Whitney
100%
New Hampshire6,288Mt Washington
89%
Hawaii13,803Mauna Kea
78%
Oregon11,249Mt Hood
78%
North Carolina6,684Mt Mitchel
78%
Oklahoma4,975Black Mesa
67%
Kentucky4,145Black Mountain
67%
South Dakota7,244Black Elk Peak
56%
Wyoming13,809Gannett Peak
56%
Texas8,751Guadalupe Peak
56%
Colorado14,440Mt Elbert
56%
Massachusetts3,489Mt Greylock
56%
New York5,343Mt Marcy
56%
Idaho12,668Borah Peak
44%
Nevada13,147Boundary Peak
44%
Florida345Britton Hill
44%
Tennessee6,643Clingman's Dome
44%
Minnesota2,302Eagle Mountain
44%
Delaware447Ebright Azimuth
44%
New Jersey1,803High Point
44%
Pennsylvania3,213Mt Davis
44%
Maine5,270Mt Katahdin
44%
Vermont4,395Mt Mansfield
44%
Virginia5,729Mt Rogers
44%
West Virginia4,863Spruce Knob
44%
Kansas4,041Sunflower Mountain
44%
New Mexico13,167Wheeler Peak
44%
North Dakota3,508White Butte
44%
Georgia4,784Brasstown Bald
33%
Illinois1,235Charles Mound
33%
Montana12,807Granite Peak
33%
Iowa1,671Hawkeye Point
33%
Arizona12,637Humphrey's Peak
33%
Rhode Island811Jerimoth Hill
33%
Utah13,534Kings Peak
33%
Michigan1,979Mt Arvon
33%
Arkansas2,753Mt Magazine
33%
Nebraska5,427Panorama Point
33%
South Carolina3,560Sassafras Mountain
33%
Ohio1,549Campbell Hill
22%
Alabama2,143Cheaha Mountain
22%
Louisiana535Driskill Mountain
22%
Indiana1,257Hoosier Hill
22%
Maryland3,360Hoye-Crest
22%
Mississippi807Woodall Mountain
22%
Connecticut2,323Bear Mountain
11%
Missouri1,772Taum Sauk Mountain
11%
Wisconsin1,951Timms Hill
11%

Score Distribution

Percentile by Number Answered

Percent of People with Each Score

Your Score History

You have not taken this quiz